Dynamik. I, Dynamik des Einzelkörpes /

Hlavní autor: Müller, Wilhelm
Jazyk: Němčina
Vydáno: Berlin ; Walter de Gruyter & Co., 1925
Edice: Sammlung Göschen
Témata:
Fyzický popis: 160 stran : ilustrace ; 16 cm
Knihy
Uloženo v:
LEADER 01144nam a22003377i 4500
001 001839428
003 CZ BrMZK
005 20221103114407.0
007 ta
008 221103s1925 gw a er|||||||||||ger d
040 |a BOA001  |b cze  |e rda 
072 7 |a 531  |x Obecná mechanika. Mechanika pevných a tuhých těles  |2 Konspekt  |9 6 
080 |a 531.3  |2 MRF 
100 1 |a Müller, Wilhelm  |4 aut 
245 1 0 |a Dynamik.  |n I,  |p Dynamik des Einzelkörpes /  |c von Wilhelm Müller 
246 3 0 |a Dynamik des Einzelkörpes 
264 1 |a Berlin ;  |a Leipzig :  |b Walter de Gruyter & Co.,  |c 1925 
300 |a 160 stran :  |b ilustrace ;  |c 16 cm 
336 |a text  |b txt  |2 rdacontent 
337 |a bez média  |b n  |2 rdamedia 
338 |a svazek  |b nc  |2 rdacarrier 
490 1 |a Sammlung Göschen ;  |v Band 902 
650 0 7 |a dynamika  |7 ph119661  |2 czenas 
650 0 7 |a kinematika  |7 ph121580  |2 czenas 
650 0 7 |a dynamika tuhých těles  |7 ph183356  |2 czenas 
830 0 |a Sammlung Göschen 
910 |a BOA001  |b 1-0063.221,902 
990 |a BK 
993 |a Y 
991 |b 202210 
996 7 |b 2618740857  |c 1-0063.221,902  |l MZK  |r Sklad / do 1 hodiny  |n 0  |w 001904370  |u 000010  |a 1  |e BOA001  |j MZK50  |s A